Γραμμική άλγεβρα και οι εφαρμογές της
Αποθηκεύτηκε σε:
| Κύριος συγγραφέας: | |
|---|---|
| Μορφή: | Βιβλίο |
| Γλώσσα: | Greek |
| Δημοσίευση: |
Αθήνα :
΄Ιων,
c2014.
|
| Θέματα: | |
| Ετικέτες: |
Προσθήκη ετικέτας
Δεν υπάρχουν, Καταχωρήστε ετικέτα πρώτοι!
|
MARC
| LEADER | 00000cam a2200000 a 4500 | ||
|---|---|---|---|
| 001 | 1/121871 | ||
| 008 | 200730?y2014####gr| ||| |||| ||gre|| | ||
| 020 | |a 9789605080860 |q (σκληρό εξώφυλλο) | ||
| 040 | |a GR-MyUa |b gre |c GR-MyUa |e AACR2 | ||
| 041 | 0 | |a gre | |
| 082 | 7 | |a 512.5 |2 (23) | |
| 100 | 1 | |a Lay David C. | |
| 245 | 1 | 0 | |a Γραμμική άλγεβρα και οι εφαρμογές της / |c David C. Lay ; επιμέλεια: Μιχάλης Γλαμπεδάκης ; μετάφραση: Μιχάλης Γλαμπεδάκης; Αντώνης Γλαμπεδάκης; Γιώργος Κούζιλος. |
| 246 | 1 | |a Linear Algebra and Its Applications | |
| 260 | |a Αθήνα : |b ΄Ιων, |c c2014. | ||
| 300 | |a 608 σ.; |b πίν.; διαγρ.; |c 28 εκ. | ||
| 500 | |a Τίτλος πρωτοτύπου: Linear Algebra and Its Application | ||
| 504 | |a Περιλαμβάνει ευρετήριο και λεξικό όρων. | ||
| 650 | 0 | |a Algebras, Linear. | |
| 852 | |a INST |b CHIOS |c EUDOXUS |e 20200730 |h 512.5 LAY |p 005200039987 |q 005200039987 |t EDX |y 0 | ||
| 920 | |a Εύδοξος |b Παραγγελία |y Χίος-ΤΜΟΔ |z 10-07-2020 | ||
| 970 | |a Πουλάκη |b Στέλλα |z 30-07-2020 | ||